| 000 | 02234nam a2200349 a 4500 | ||
|---|---|---|---|
| 001 | 000035738 | ||
| 005 | 20200930074555.0 | ||
| 008 | 111109s19671969es ac 000 0 spa d | ||
| 040 |
_aDO-SdBNP _bspa _cBNPHU |
||
| 245 | 0 | 3 |
_aLas metamorfosis de la humanidad : _buna historia del arte y el mundo / _cbajo la dirección de Robert Philippe ; traducción al español José M. Claramunda ; revisión de textos Francisco Luis Cardona, Ángel CarmonaRistol. |
| 260 |
_aBarcelona : _bEditorial Bruguera, _c1967-1969. |
||
| 300 |
_av. : _bil., mapas ; _c26 cm. |
||
| 500 | _av.5 1100/1300 La época de las catedrales ; La tradición del color opaco ; la novedad del color translúcido ; el anhelo de luz ; el espacio en profundidad: la perspectiva. | ||
| 500 | _aLa biblioteca posee los vs. 1-4 | ||
| 505 | 0 |
_gv.1 400/700 _tLa época de las invasiones : La barbarie, madre de civilizaciones / _rpor Edouard Salin -- _rtraducción al español : Fernando Corripio. -- _gv. 2 700/900 _tLa época de la Guerra Santa ; un arte mayestático / _rpor Jerzy Gassowsky, Andrzej Jakimovicz, Stanislas Tabacynski -- _rtraducción al español Fermín Muñoz. -- |
|
| 505 | 0 |
_gv.3 900/1100 _tDios, el mundo en Peligro : el año mil / _rhan colaborado destacadamente en este volumen : Jerzy Gassowski, Jean Glénisson, Philipe Sussel -- traducción al español : Josefa Armangué.-- _gv.4 1300/1500 _tUna época de las calamidades ; Los descubrimientos del mundo / _rpor Jean Glenisson con la colaboración de F. J. Fino -- traducción al español : Fermín Muñoz. -- |
|
| 534 |
_aTítulo original. _tLe temps des cathedrales |
||
| 534 |
_aTítulo original. _tL an Mille |
||
| 534 |
_aTítulo original _tLe temps de la guerre sainte |
||
| 534 |
_aTítulo original. _tLa barbarie |
||
| 590 | _aPerteneció a la biblioteca personal de Juan Isidro Jimenes Grullón. | ||
| 700 | 1 | 2 |
_aPhilippe, Robert, _eed. _961680 |
| 700 | 1 | 2 |
_aCardona, Francisco Luis, _961681 |
| 700 | 1 | 2 |
_aCarmona Ristol, Ángel, _961682 |
| 700 | 1 | 2 |
_aClaramunda, José M., _961683 |
| 740 | 3 | _aLa barbarie. | |
| 740 | 1 | 2 | _aEl año mil. |
| 740 | 1 | 2 | _aLa época de la guerra santa. |
| 740 | 1 | 2 | _aLos descubrimientos del mundo. |
| 740 | 1 | 2 | _aLas época de las catedrales. |
| 049 | _aBNPD | ||
| 999 |
_c35229 _d35229 |
||